Plánovanie výrobných a materiálových zdrojov. 2 Organizačné predpoklady nasadenia systémov MRP
Osem základných pravidiel, ktoré je nutné aplikovať pred nasadením MPR systémov, aby sa mohol očakávať úspech v ich implementácii.
Salvato in:
| Autore principale: | |
|---|---|
| Natura: | Capitolo di libro |
| Lingua: | ceco |
| Soggetti: | |
| Tags: |
Nessun Tag, puoi essere il primo ad aggiungerne!!
|
MARC
| LEADER | 00000naa a2200000 4500 | ||
|---|---|---|---|
| 001 | r017512 | ||
| 005 | 20221213082511.9 | ||
| 041 | 0 | |a cze | |
| 044 | |a CZ | ||
| 245 | 1 | 0 | |a Plánovanie výrobných a materiálových zdrojov. 2 |b Organizačné predpoklady nasadenia systémov MRP |c I. Križan |
| 520 | |a Osem základných pravidiel, ktoré je nutné aplikovať pred nasadením MPR systémov, aby sa mohol očakávať úspech v ich implementácii. | ||
| 610 | 2 | 0 | |a riadenie výroby |
| 610 | 2 | 0 | |a MRP |
| 610 | 2 | 0 | |a manažment |
| 610 | 2 | 0 | |a podnik |
| 610 | 2 | 0 | |a systémy výrobné |
| 100 | 1 | |a Križan, I. | |